رسالة الإسلام: (Record no. 14623)
[ view plain ]
| 000 -LEADER | |
|---|---|
| fixed length control field | 00714nam a22001937a 4500 |
| 008 - FIXED-LENGTH DATA ELEMENTS--GENERAL INFORMATION | |
| fixed length control field | 100805s1992 sy|||||r|||| 00| 0deng d |
| 082 ## - DEWEY DECIMAL CLASSIFICATION NUMBER | |
| Classification number | 210.9 |
| Item number | ط ل ا |
| 100 ## - MAIN ENTRY--PERSONAL NAME | |
| 9 (RLIN) | 17122 |
| Personal name | طلاس، مصطفى |
| 245 ## - TITLE STATEMENT | |
| Title | رسالة الإسلام: |
| Remainder of title | محمد رسول الله/ |
| Statement of responsibility, etc | مصطفى طلاس |
| 250 ## - EDITION STATEMENT | |
| Edition statement | 3ط |
| 260 ## - PUBLICATION, DISTRIBUTION, ETC. (IMPRINT) | |
| Place of publication, distribution, etc | :دمشق |
| Name of publisher, distributor, etc | ،طلاس للدراسات والترجمة والنشر |
| Date of publication, distribution, etc | 1992 |
| 300 ## - PHYSICAL DESCRIPTION | |
| Extent | 659 ص؛ |
| Dimensions | 24سم |
| 504 ## - BIBLIOGRAPHY, ETC. NOTE | |
| Bibliography, etc | يشتمل على ارجاعت ببليوجرافية655:659 |
| 541 ## - IMMEDIATE SOURCE OF ACQUISITION NOTE | |
| Source of acquisition | ؛ ألف باء |
| 650 ## - SUBJECT ADDED ENTRY--TOPICAL TERM | |
| 9 (RLIN) | 15307 |
| Topical term or geographic name as entry element | الغزوات الإسلامية |
| 650 ## - SUBJECT ADDED ENTRY--TOPICAL TERM | |
| 9 (RLIN) | 17299 |
| Topical term or geographic name as entry element | هجرة الرسول |
| 650 ## - SUBJECT ADDED ENTRY--TOPICAL TERM | |
| 9 (RLIN) | 17300 |
| Topical term or geographic name as entry element | فتح مكة |
| 942 ## - ADDED ENTRY ELEMENTS (KOHA) | |
| Source of classification or shelving scheme | Dewey Decimal Classification |
| Item type | Book - Borrowing |
| Withdrawn status | Item status | Source of classification or shelving scheme | Damaged status | Not for loan | Vendor | Home library | Current library | Shelving location | Date acquired | Source of acquisition | Total Checkouts | Full call number | Barcode | Date last seen | Koha item type |
|---|---|---|---|---|---|---|---|---|---|---|---|---|---|---|---|
| Dewey Decimal Classification | Alef-Baa | Central Library | Central Library | Lower Floor | 05/08/2010 | 210.9 ط لا س | 000021694 | 15/07/2025 | Book - Borrowing |